La poesía de Manuel José Othón : sobretiro de la Memoria de El Colegio Nacional, tomo VI, número 4, año de 1969 /

Guardado en:
Detalles Bibliográficos
Autor principal: Othón, Manuel José (autor)
Otros autores: Castro Leal, Antonio (autor) (autor)
Formato: Libro
Idioma:Español
Publicado: México : El Colegio Nacional, 1971
Etiquetas: Agrega una etiqueta
Sin etiquetas, Sé el primero en etiquetar este registro!

MARC

LEADER 00000nam^a2200000^a^4500
001 000441371
005 20250526000000.0
009 20260310123400.441
037 |a Acervo ITESO - Biblioteca 
041 |a ESP 
091 |a FHM. 10197 
100 |a Othón, Manuel José  |e (autor) 
245 1 3 |a La poesía de Manuel José Othón :  |b sobretiro de la Memoria de El Colegio Nacional, tomo VI, número 4, año de 1969 / 
264 1 |a México :  |b El Colegio Nacional,  |c 1971 
300 |a p. 128-166 ;  |c 23.0 cm. 
336 |a texto  |b txt  |2 rdacontenido 
337 |a sin mediación  |b n  |2 rdamedio 
338 |a volumen  |b nc  |2 rdasoporte 
649 |a XX 
700 |a Castro Leal, Antonio  |e (autor) 
910 |a Fondo Hugo B. Margáin 
920 |a Impresos - Libros 
930 |a Libros Antiguos y Raros 
940 |a Literatura 
905 |a 126 
901 |a 0500314840  |b IT2  |c LRA  |i D118600  |u 20250526 
902 |a https://opac.biblio.iteso.mx/vufind/Record/000441371